| Tag |
First Indicator |
Second Indicator |
Subfields |
| LEADER |
00000cam a2200000 a 4500 |
| 001 |
in00001189286 |
| 005 |
20151002062203.0 |
| 007 |
hd afv---baca |
| 008 |
891003s1863 xx a f000 0 eng d |
| 035 |
|
|
|a (OCoLC)20432300
|
| 035 |
|
|
|9 AGJ5778AM
|
| 040 |
|
|
|a FEI
|c FEI
|d UtOrBLW
|
| 043 |
|
|
|a n-usu--
|
| 049 |
|
|
|a TXAI
|
| 090 |
|
|
|a E487
|b .C66 1974 reel 16 no. 921
|
| 099 |
|
|
|a Film
|a B 1664
|a reel 16, no. 921.
|
| 110 |
1 |
|
|a Confederate States of America.
|b Post-Office Department.
|
| 245 |
1 |
0 |
|a Report of the postmaster general.
|
| 264 |
|
1 |
|a [Richmond] :
|b [publisher not identified],
|c [1863]
|
| 300 |
|
|
|a 24 pages, 1 unnumbered folded leaf ;
|c 23 cm.
|
| 336 |
|
|
|a text
|b txt
|2 rdacontent
|
| 337 |
|
|
|a microform
|b h
|2 rdamedia
|
| 338 |
|
|
|a microfilm reel
|b hd
|2 rdacarrier
|
| 500 |
|
|
|a "Postoffice Department, Richmond, Jan. 12th, 1863"--page [1].
|
| 500 |
|
|
|a Caption title.
|
| 500 |
|
|
|a Signed: John H. Reagan.
|
| 500 |
|
|
|a Filmed from the holdings of the Library of Duke University.
|
| 533 |
|
|
|a Microfilm.
|b New Haven, Conn. :
|c Research Publications,
|d [1974].
|e On reel 16 of 143 microfilm reels ; 35 mm.
|f (Confederate imprints, 1861-1865 ; reel 16, no. 921).
|
| 539 |
|
|
|a s
|b 1974
|d ctu
|e n
|
| 500 |
|
|
|a Microform.
|
| 650 |
|
0 |
|a Postal service
|z Confederate States of America.
|
| 610 |
1 |
0 |
|a Confederate States of America.
|b Post-Office Department.
|x Appropriations and expenditures.
|
| 700 |
1 |
|
|a Reagan, John H.
|q (John Henninger),
|d 1818-1905.
|
| 830 |
|
0 |
|a Confederate imprints, 1861-1865 ;
|v reel 16, no. 921.
|
| 999 |
|
|
|a MARS
|
| 999 |
f |
f |
|s 04644b28-4bae-3826-9c76-1ec83fa9cd26
|i 7c9128e7-c3f5-34f1-b40b-cef0d17195d3
|t 0
|
| 952 |
f |
f |
|p default
|a Texas A&M University
|b College Station
|c Sterling C. Evans Library
|d Evans: Microforms (3rd floor)
|t 0
|e Film B 1664 reel 16, no. 921.
|h Other scheme
|i microform -- microfilm reel
|
| 998 |
f |
f |
|a Film B 1664 reel 16, no. 921.
|t 0
|l Evans: Microforms (3rd floor)
|